| 000 | 00312nam a2200109Ia 4500 | ||
|---|---|---|---|
| 008 | 230907s9999||||xx |||||||||||||| ||und|| | ||
| 082 |
_a697.9322 _bTAY |
||
| 245 | 0 | _aFundamentals of design and control of central chilled-water plants / | |
| 260 |
_aASHRAE, _bAtlanta, GA : _c2017 |
||
| 300 | _a298 p. | ||
| 942 | _cBK | ||
| 999 |
_c599509 _d599509 |
||